Physical and solid state electronics (Record no. 14696)

000 -LEADER
fixed length control field 00593nam a2200205 4500
001 - CONTROL NUMBER
control field 14696
003 - CONTROL NUMBER IDENTIFIER
control field BD-DhUET
008 - FIXED-LENGTH DATA ELEMENTS--GENERAL INFORMATION
fixed length control field 720421s1972 maua b 001 0 eng
040 ## - CATALOGING SOURCE
Original cataloging agency DLC
Transcribing agency DLC
Modifying agency BD-DhUET
082 00 - DEWEY DECIMAL CLASSIFICATION NUMBER
Classification number 537.6
Item number KAN/1972
100 ## - MAIN ENTRY--PERSONAL NAME
Personal name Kano, Kanaan
245 10 - TITLE STATEMENT
Title Physical and solid state electronics
250 ## - EDITION STATEMENT
Edition statement 1st ed.
260 ## - PUBLICATION, DISTRIBUTION, ETC. (IMPRINT)
Place of publication, distribution, etc. Reading, Massachusetts
Name of publisher, distributor, etc. Addison-Wesley Publishing
Date of publication, distribution, etc. 1972
300 ## - PHYSICAL DESCRIPTION
Extent x,451p.
Other physical details ill.
Dimensions 25 cm.
490 0# - SERIES STATEMENT
Series statement Addison-Wesley series in electrical engineering
504 ## - BIBLIOGRAPHY, ETC. NOTE
Bibliography, etc Includes bibliographies
650 #0 - SUBJECT ADDED ENTRY--TOPICAL TERM
Topical term or geographic name as entry element Solid state electronics
942 ## - ADDED ENTRY ELEMENTS (KOHA)
Koha item type General Book
Holdings
Not for loan Withdrawn status Date acquired Koha date last seen Koha item type Koha normalized classification for sorting Source of classification or shelving scheme Koha full call number Damaged status Sublocation or collection (holding branch) Location (home branch) Piece designation (barcode) Shelving location Lost status Copy number Price effective from
  2015-03-092015-03-09General Book537_600000000000000_KAN_1972 537.6/KAN/1972 Central Library, BUETCentral Library, BUET37727Circulation section 12015-03-09